Nhập môn phương pháp phần tử hữu hạn ứng dụng tính toán kết cấu bằng ngôn ngữ Pascal

שמור ב:
מידע ביבליוגרפי
מחבר ראשי: TRẦN ĐỨC TRUNG
פורמט: ספר
שפה:Undetermined
יצא לאור: Xây dựng 2001
תגים: הוספת תג
אין תגיות, היה/י הראשונ/ה לתייג את הרשומה!
Thư viện lưu trữ: Trung tâm Học liệu Trường Đại học Cần Thơ
LEADER 00548nam a2200145Ia 4500
001 CTU_49045
008 210402s9999 xx 000 0 und d
082 |a 624.150285 
082 |b Tr513 
100 |a TRẦN ĐỨC TRUNG 
245 0 |a Nhập môn phương pháp phần tử hữu hạn ứng dụng tính toán kết cấu bằng ngôn ngữ Pascal 
245 0 |c TRẦN ĐỨC TRUNG, Nguyễn Việt Hùng 
260 |b Xây dựng 
260 |c 2001 
980 |a Trung tâm Học liệu Trường Đại học Cần Thơ